ARRUPE JESUIT UNIVERSITY

CORONAVIRUS -STOP THE SPREAD - CLEAN,DISINFECT,COVER

Routledge philosophy guidebook to Merleau-Ponty and phenomenology of perception / (Record no. 127633)

MARC details
000 -LEADER
fixed length control field 01342cam a22002894a 4500
001 - CONTROL NUMBER
control field 16107659
003 - CONTROL NUMBER IDENTIFIER
control field ARRUPE
005 - DATE AND TIME OF LATEST TRANSACTION
control field 20180314144654.0
008 - FIXED-LENGTH DATA ELEMENTS--GENERAL INFORMATION
fixed length control field 100225s2011 enk b 001 0 eng
010 ## - LIBRARY OF CONGRESS CONTROL NUMBER
LC control number 2010008205
020 ## - INTERNATIONAL STANDARD BOOK NUMBER
International Standard Book Number 9780415343145 (hardback : alk. paper)
020 ## - INTERNATIONAL STANDARD BOOK NUMBER
International Standard Book Number 9780415343152 (pbk. : alk. paper)
020 ## - INTERNATIONAL STANDARD BOOK NUMBER
International Standard Book Number 9780203482896 (ebook)
040 ## - CATALOGING SOURCE
Original cataloging agency DLC
Transcribing agency DLC
Modifying agency DLC
050 00 - LIBRARY OF CONGRESS CALL NUMBER
Classification number B2430.M3763
Item number P47365 2011
082 00 - DEWEY DECIMAL CLASSIFICATION NUMBER
Classification number 142/.7
Edition number 22
300 ## - PHYSICAL DESCRIPTION
Dimensions 20 cm
100 1# - MAIN ENTRY--PERSONAL NAME
Personal name Romdenh-Romluc, Komarine.
9 (RLIN) 40595
245 10 - TITLE STATEMENT
Title Routledge philosophy guidebook to Merleau-Ponty and phenomenology of perception /
Statement of responsibility, etc Komarine Romdenh-Romluc.
260 ## - PUBLICATION, DISTRIBUTION, ETC. (IMPRINT)
Place of publication, distribution, etc Milton Park, Abingdon, Oxon :
-- New York :
Name of publisher, distributor, etc Routledge,
Date of publication, distribution, etc 2011.
300 ## - PHYSICAL DESCRIPTION
Extent ix, 260 p. ;
490 0# - SERIES STATEMENT
Series statement Routledge philosophy guidebooks
504 ## - BIBLIOGRAPHY, ETC. NOTE
Bibliography, etc Includes bibliographical references (p. [ 254]-257) and index.
600 10 - SUBJECT ADDED ENTRY--PERSONAL NAME
Personal name Merleau-Ponty, Maurice,
Dates associated with a name 1908-1961.
Title of a work Phénoménologie de la perception.
9 (RLIN) 40596
650 #0 - SUBJECT ADDED ENTRY--TOPICAL TERM
Topical term or geographic name as entry element Perception (Philosophy)
9 (RLIN) 14386
650 #0 - SUBJECT ADDED ENTRY--TOPICAL TERM
Topical term or geographic name as entry element Phenomenology.
9 (RLIN) 40597
906 ## - LOCAL DATA ELEMENT F, LDF (RLIN)
a 7
b cbc
c orignew
d 1
e ecip
f 20
g y-gencatlg
942 ## - ADDED ENTRY ELEMENTS (KOHA)
Source of classification or shelving scheme Library of Congress Classification
Koha item type Monograph ( Printed materials)
Holdings
Withdrawn status Lost status Source of classification or shelving scheme Damaged status Not for loan Collection code Home library Current library Shelving location Date acquired Total Checkouts Full call number Barcode Date last seen Date checked out Price effective from Koha item type
    Library of Congress Classification     Main Collection ARRUPE LIBRARY ARRUPE LIBRARY Main Collection 14/03/2018 2 B2430.M3763 P47365 2011 46600001119 16/01/2020 29/10/2019 14/03/2018 Monograph ( Printed materials)

 

Arrupe Library. PO Box MP320 Mt Pleasant, Harare, Zimbabwe
263 242 745411|librarian@aju.ac.zw